La fraternidad de los cristianos /

En esta obra que aborda el concepto de fraternidad en el pensamiento cristiano católico reúne información histórica del cristianismo primitivo que es contrastada con la mentalidad occidental contemporánea que según el autor, es una mezcla de Ilustración y Marxismo. El autor propone a lo largo de est...

Ausführliche Beschreibung

Gespeichert in:
Bibliographische Detailangaben
Körperschaft: Iglesia Católica. Papa (2005-2013 : Benedicto XVI)
Format: Buch
Sprache:Spanisch
Veröffentlicht: Salamanca, España : Sígueme, 2005, c2005
Ausgabe:2a edición
Schriftenreihe:(Verdad e Imagen Minor ; 18)
Schlagworte:
Tags: Tag hinzufügen
Keine Tags, Fügen Sie das erste Tag hinzu!

MARC

LEADER 00000nam^a2200000^a^4500
001 000181201
005 20250521000000.0
005 20250521000000.0
009 20260310101925.753
020 |a 84-301-1538-2 
037 |a Acervo ITESO - Biblioteca 
041 |a ESP 
082 |a 248. 482  |b IGL 
110 |a Iglesia Católica.  |b Papa (2005-2013 : Benedicto XVI) 
245 1 3 |a La fraternidad de los cristianos /  |c J. Ratzinger ; presen. de Ricardo Blázquez ; dir. de la serie de A. Cordovilla Pérez ; tr. por José María Hernández Blanco. 
250 |a 2a edición 
264 4 |a Salamanca, España :  |b Sígueme,  |c 2005, c2005 
300 |a 116 p. 
336 |a texto  |b txt  |2 rdacontenido 
337 |a sin mediación  |b n  |2 rdamedio 
338 |a volumen  |b nc  |2 rdasoporte 
440 1 |a (Verdad e Imagen Minor ;  |v 18) 
500 |a Traducción de: Die christliche Brüderlichkeit 
520 |a En esta obra que aborda el concepto de fraternidad en el pensamiento cristiano católico reúne información histórica del cristianismo primitivo que es contrastada con la mentalidad occidental contemporánea que según el autor, es una mezcla de Ilustración y Marxismo. El autor propone a lo largo de este documento 4 tesis a analizar: La fraternidad depende del concepto que se tenga de la paternidad de Dios y de cómo sea Dios; La fraternidad cristiana está siempre por delante de los lazos biológicos (familia) y sociales (ciudadanía); El cristiano es antes de nada y sólo hermano del cristiano; El cristiano es hermano para servir a los que están fuera de la comunidad cristiana. 
649 |a XX 
650 |a Valores 
650 |a Etica Cristiana 
650 |a Fraternidad -  |x Historia 
650 |a Fraternidad 
650 |a Dios 
650 |a Cristianismo -  |x Historia 
650 |a Vida Espiritual 
650 |a Vida Cristiana 
650 |a Iglesia Católica 
650 |a Axiología 
650 |a Conducta de Vida 
650 |a Jesucristo 
650 |a Catolicismo 
650 |a Cristianismo 
650 |a Religión 
910 |a Fondo General 
920 |a Impresos - Libros 
930 |a Colección General 
905 |a 101 
901 |a 0500120994  |b IT1  |c ACC  |u 20250521 
902 |a https://opac.biblio.iteso.mx/vufind/Record/000181201